Oryzomys couesi only subspecifically different from the marsh rice rat, Oryzomys palustris (Registro nro. 10325)
[ vista simple ]
| 000 -CABECERA | |
|---|---|
| Campo de control | 005480000a22001690004500 |
| 090 ## - CLASIFICACIÓN LOCAL | |
| Colección | AR |
| Consecutivo | 01239 |
| 041 0# - IDIOMA | |
| Código de idioma para texto/pista de sonido o título separado | |
| 100 1# - ASIENTO PRINCIPAL--NOMBRE PERSONAL | |
| Nombre personal | Hoffman, Forrest M. |
| 245 10 - MENCION DE TITULO | |
| Título | Oryzomys couesi only subspecifically different from the marsh rice rat, Oryzomys palustris |
| 650 14 - ASIENTO SECUNDARIO DE MATERIA - TERMINO TEMATICO | |
| Término temático o nombre geográfico como elemento de entrada | Roedores |
| 650 14 - ASIENTO SECUNDARIO DE MATERIA - TERMINO TEMATICO | |
| Término temático o nombre geográfico como elemento de entrada | Sistemática animal |
| 650 14 - ASIENTO SECUNDARIO DE MATERIA - TERMINO TEMATICO | |
| Término temático o nombre geográfico como elemento de entrada | Morfología animal |
| 653 ## - TERMINO DE INDIZACION - NO CONTROLADO | |
| -- | Oryzomys |
| -- | Oryzomys palustris |
| 653 ## - TERMINO DE INDIZACION - NO CONTROLADO | |
| -- | Oryzomys |
| -- | Oryzomys couesi |
| 773 1# - Item fuente: | |
| Título | Southwestern Naturalist |
| Especificación de materiales | 458 |
| Descripción física | 3 |
| Paginas del Articulo | 171-173 |
| Lugar, editorial y fecha de publicación | 1960 |
| Información sobre la relación | 5 |
| 942 ## - ELEMENTOS ADICIONALES (KOHA) | |
| Tipo de ítem | Artículo |
| Withdrawn status | Lost status | Damaged status | No para préstamo | Colección | Ubicación Permanente | Ubicación actual | Fecha de adquisición | Fuente de Valor | Datos de publicación Seriada | Total Checkouts | Número topográfico | Inventario / Código de Barras | Date last seen | Ejemplar | Price effective from | Forma de adquisición | Tipo de material |
|---|---|---|---|---|---|---|---|---|---|---|---|---|---|---|---|---|---|
| No para Préstamo | Hemeroteca | Bogotá | Bogotá | 27/02/2015 | Muñoz Saba, Yaneth | Fuera de circulación | AR 01239 | 011563 | 25/03/2015 | 1 | 25/03/2015 | Artículo |